ბათუმის შოთა რუსთაველის სახელმწიფო უნივერსიტეტის ბიბლიოთეკა

ელექტრო ტექნიკური გაზომვები და ხელსაწყოები : სახელმძღვ. / (ბიბ.ჩანაწერი № 39147)

000 -ლიდერი
ფიქსირებული სიგრძის საკონტროლო ველი 01195nam a2200229Ia 4500
001 - საკონტროლო ნომერი
საკონტროლო ველი 5730
003 - საკონტროლო ნომრის იდენტიფიკატორი
საკონტროლო ველი GE_BSU
005 - ბოლო ოპერაციის თარიღი და დრო
საკონტროლო ველი 20190624195328.0
008 - ფიქსირებული სიგრძის მონაცემთა ელემენტები - ზოგადი ინფორმაცია
ფიქსირებული სიგრძის საკონტროლო ველი 181216s1962||||ge |||||||||||||| ||geo||
041 ## - ენის კოდი
Language code of text/sound track or separate title geo
080 ## - უნივერსალური ათობითი კლასიფიკაციის ინდექსი
Universal Decimal Classification number 621.317(075.8) პ-62
100 ## - მთავარი ჩანაწერი - პიროვნების სახელი
Personal name პოპოვი, ვ.ს.
9 (RLIN) 2850
245 ## - ცნობა სათაურის შესახებ
Title ელექტრო ტექნიკური გაზომვები და ხელსაწყოები : სახელმძღვ. /
Statement of responsibility, etc ვ.ს. პოპოვი ; რედ : ლ.კვატაშიძე ; მთარგმნ. : შ.გუგუშვილი ; ტ.აბზიანიძე.
264 ## - წარმოების, გამოცემის, დისტრიბუციის და სხვა ცნობები
გამოცემის, წარმოების, დისტრიბუციის... ადგილი თბილისი :
გამოცემის, წარმოების, დისტრიბუციის... სახელწოდება ცოდნა,
გამოცემის, წარმოების, დისტრიბუციის... თარიღი 1962.
300 ## - ფიზიკური აღწერა
Extent 450 გვ.:
Other physical details ილ;
Dimensions 22 სმ.
653 ## - INDEX TERM--UNCONTROLLED
Uncontrolled term ელექტრო ტექნიკური გაზომვები და ხელსაწყოები
653 ## - INDEX TERM--UNCONTROLLED
Uncontrolled term ტექნიკა
700 ## - ADDED ENTRY--PERSONAL NAME
Personal name კვატაშიძე, ლ
Relator term რედაქტორი
9 (RLIN) 1380
700 ## - ADDED ENTRY--PERSONAL NAME
Personal name გუგუშვილი, შ
Relator term მთარგმნელი
9 (RLIN) 2851
700 ## - ADDED ENTRY--PERSONAL NAME
Personal name აბზიანიძე, ტ
Relator term მთარგმნელი
9 (RLIN) 2852
942 ## - ADDED ENTRY ELEMENTS (KOHA)
Koha item type წიგნი
Source of classification or shelving scheme
ეგზემპლარები
ჩამოწერის სტატუსი დაკარგული ეგზემპლარის სტატუსი კლასიფიკაციის წყარო ან თაროზე გაწყობის სქემა დაზიანების სტატუსი არ გაიცემა მუდმივი მდებარეობა (დაცვის ადგილი) ამჟამინდელი ადგილსამყოფელი თაროზე განთავსების ადგილი შეძენის თარიღი ღირებულება, შესყიდვის ნორმალური ფასი სრული შენახვის შიფრი შტრიხკოდი ბოლო ოპერაციის თარიღი ეგზემპლარის მიმდევრობითი ნომერი (კეტერი?) ფასის ძალაში შესვლის თარიღი ეგზემპლარის სახეობა საჯარო შენიშვნა
          ტექნოლოგიური ფაკულტეტის ბიბლიოთეკა ტექნოლოგიური ფაკულტეტის ბიბლიოთეკა წიგნსაცავი 2018-12-17 1.00 621.317(075.8) პ-62 10865 2018-12-17 10865 2018-12-17 წიგნი 1 ლ. 90 თ.
          ტექნოლოგიური ფაკულტეტის ბიბლიოთეკა ტექნოლოგიური ფაკულტეტის ბიბლიოთეკა წიგნსაცავი 2018-12-17 1.00 621.317(075.8) პ-62 10866 2018-12-17 10866 2018-12-17 წიგნი 1ლ. 90 თ.